Deutsche sozialdemokratie und der nationale staat 1870-1920 (Record no. 236370)

MARC details
000 -LEADER
fixed length control field 00763nam a2200241Ia 4500
003 - CONTROL NUMBER IDENTIFIER
control field OSt
005 - DATE AND TIME OF LATEST TRANSACTION
control field 20220918204517.0
008 - FIXED-LENGTH DATA ELEMENTS--GENERAL INFORMATION
fixed length control field 220917b |||||||| |||| 00| 0 eng d
037 ## - SOURCE OF ACQUISITION
Terms of availability Textual
040 ## - CATALOGING SOURCE
Original cataloging agency ARTS
Transcribing agency ARTS
Language of cataloging eng
041 ## - LANGUAGE CODE
Source of code eng
Language code of text/sound track or separate title eng
100 ## - MAIN ENTRY--PERSONAL NAME
Personal name Heidegger Hermann
9 (RLIN) 112230
245 #0 - TITLE STATEMENT
Title Deutsche sozialdemokratie und der nationale staat 1870-1920
Remainder of title unter besonderer Beruckicksichtigung der kriegsund revolutionsjahre
260 ## - PUBLICATION, DISTRIBUTION, ETC.
Date of publication, distribution, etc. 1958
490 ## - SERIES STATEMENT
Series statement Gottinger bausteine zur geschichtswissenschaft ed by Hubatsch; 25
650 ## - SUBJECT ADDED ENTRY--TOPICAL TERM
Topical term or geographic name entry element HISTORY
942 ## - ADDED ENTRY ELEMENTS (KOHA)
Classification part V55;1:N3, 113J8
Koha item type Textual
Source of classification or shelving scheme Colon Classification (CC)
Holdings
Withdrawn status Lost status Damaged status Not for loan Home library Current library Date acquired Total Checkouts Full call number Barcode Date last seen Price effective from Koha item type
        Arts Library Arts Library 2022-09-18   V55;1:N3 113J8 AL0207277 2022-09-18 2022-09-18 Textual
Copyright @ Delhi University Library System